[Event "GER-ch Seniors"]
[Site "Dresden"]
[Date "2012.08.17"]
[Round "9"]
[White "Kunze, Markus"]
[Black "Gerstenberg, Lutz"]
[Result "1/2-1/2"]
[WhiteElo "1709"]
[BlackElo "1893"]
[PlyCount "144"]
[EventDate "2012.08.09"]
[EventType "swiss"]
[EventRounds "9"]
[EventCountry "GER"]
[SourceTitle "EXT 2014"]
[Source "ChessBase"]
[SourceDate "2013.11.20"]
[SourceVersion "1"]
[SourceVersionDate "2013.11.20"]
[SourceQuality "1"]

1. c4 e5 2. Nc3 Nf6 3. e4 Nc6 4. Nf3 h6 5. a3 Be7 6. b4 d6 7. b5 Nb8 8. Be2 b6 9. d4 exd4 10. Nxd4 Bb7 11. Bf3 0-0 12. e5 Bxf3 13. Qxf3 dxe5 14. Nf5 Nbd7 15. Bxh6 gxh6 16. Qg3+ Ng4 17. Nxh6+ Kh7 18. Nxg4 Rh8 19. Rd1 Bd6 20. Ne4 f6 21. Nxd6 cxd6 22. Rxd6 Qe7 23. Qd3+ e4 24. Qd5 Rad8 25. Qf5+ Kg7 26. Re6 Qf7 27. 0-0 Rhe8 28. Rc6 Re7 29. Qf4 Qg6 30. Ne3 Re5 31. Rc7 Qg5 32. Qg3 Kg6 33. Rd1 Re7 34. Nd5 Rf7 35. Nf4+ Kh7 36. Ne6 Qh5 37. Qh3 Qxh3 38. gxh3 Rg8+ 39. Kf1 Ne5 40. Rxf7+ Nxf7 41. Rd7 Kg6 42. Rxa7 Ne5 43. c5 bxc5 44. Nxc5 Kf5 45. Re7 Kf4 46. Ne6+ Kf3 47. a4 Ra8 48. Nc5 Rc8 49. Nb3 Rd8 50. Ke1 Nd3+ 51. Kd2 f5 52. b6 Nc5+ 53. Kc2 Nxa4 54. b7 f4 55. Nd2+ Kxf2 56. Rxe4 Nc5 57. Rxf4+ Ke2 58. Nf3 Nxb7 59. h4 Nd6 60. Ng5 Rc8+ 61. Kb3 Ke3 62. Rf6 Nb5 63. Kb4 Nd4 64. Rf7 Rh8 65. Nh7 Nf3 66. Ng5 Nxh4 67. Kc5 Ra8 68. Kd6 Ra6+ 69. Ke5 Rg6 70. Nh7 Rh6 71. Nf6 Nf3+ 72. Kf5 Nxh2 1/2-1/2

[Event "GER-ch Seniors"]
[Site "Dresden"]
[Date "2012.08.13"]
[Round "5"]
[White "Kunze, Markus"]
[Black "Frenzel, Lothar"]
[Result "1/2-1/2"]
[WhiteElo "1709"]
[BlackElo "1807"]
[PlyCount "64"]
[EventDate "2012.08.09"]
[EventType "swiss"]
[EventRounds "9"]
[EventCountry "GER"]
[SourceTitle "EXT 2014"]
[Source "ChessBase"]
[SourceDate "2013.11.20"]
[SourceVersion "1"]
[SourceVersionDate "2013.11.20"]
[SourceQuality "1"]

1. c4 Nf6 2. Nc3 e5 3. d3 h6 4. a3 Be7 5. Nf3 Nc6 6. g3 d5 7. cxd5 Nxd5 8. Bg2 Nf6 9. b4 a6 10. 0-0 Bd6 11. Bb2 0-0 12. b5 Nd4 13. a4 axb5 14. Nxd4 exd4 15. Nxb5 Bc5 16. Na3 c6 17. Rc1 Qe7 18. Nc4 Re8 19. Re1 Bb4 20. Nd2 c5 21. e3 Qd6 22. exd4 Rxe1+ 23. Qxe1 cxd4 24. Rc4 Bc3 25. Qc1 Be6 26. Bxc3 dxc3 27. Rxc3 Rxa4 28. Bxb7 Rd4 29. Ne4 Nxe4 30. Bxe4 Bd7 31. Qe3 Qb4 32. Qc1 Qb6 1/2-1/2

[Event "GER-ch Seniors"]
[Site "Dresden"]
[Date "2012.08.10"]
[Round "2"]
[White "Hilbig, Klaus"]
[Black "Kunze, Markus"]
[Result "0-1"]
[WhiteElo "1761"]
[BlackElo "1709"]
[PlyCount "66"]
[EventDate "2012.08.09"]
[EventType "swiss"]
[EventRounds "9"]
[EventCountry "GER"]
[SourceTitle "EXT 2014"]
[Source "ChessBase"]
[SourceDate "2013.11.20"]
[SourceVersion "1"]
[SourceVersionDate "2013.11.20"]
[SourceQuality "1"]

1. d4 Nf6 2. Nf3 e6 3. Nbd2 d5 4. e3 b6 5. Bd3 Nbd7 6. 0-0 Bd6 7. Qe2 c5 8. c3 c4 9. Bc2 0-0 10. e4 e5 11. exd5 b5 12. Ne4 Nxe4 13. Qxe4 f5 14. Qe2 e4 15. Bg5 Qc7 16. Ne5 Nxe5 17. dxe5 Bxe5 18. Kh1 Qd6 19. Rad1 Bb7 20. Rd2 Rae8 21. f3 h6 22. Be3 Bxh2 23. fxe4 f4 24. Bg1 Bg3 25. Bf2 Bxd5 26. Bxg3 fxg3 27. Rxf8+ Rxf8 28. exd5 Qf4 29. Kg1 Qh4 30. Qe6+ Kh8 31. Qh3 Qf4 32. Rd1 Qf2+ 33. Kh1 Qf1+ 0-1

[Event "GER-ch Seniors"]
[Site "Dresden"]
[Date "2012.08.09"]
[Round "1"]
[White "Kunze, Markus"]
[Black "Mellenthin, Horst"]
[Result "1/2-1/2"]
[WhiteElo "1709"]
[BlackElo "1890"]
[PlyCount "97"]
[EventDate "2012.08.09"]
[EventType "swiss"]
[EventRounds "9"]
[EventCountry "GER"]
[SourceTitle "EXT 2014"]
[Source "ChessBase"]
[SourceDate "2013.11.20"]
[SourceVersion "1"]
[SourceVersionDate "2013.11.20"]
[SourceQuality "1"]

1. c4 Nf6 2. Nc3 e6 3. e4 d5 4. cxd5 exd5 5. d3 dxe4 6. Qe2 Qxd3 7. Qxd3 exd3 8. Bxd3 Bb4 9. Bd2 0-0 10. Nge2 Rd8 11. Bc2 Be6 12. a3 Bxc3 13. Bxc3 Nbd7 14. 0-0 Bc4 15. Rfe1 Bxe2 16. Rxe2 Re8 17. Rd2 Re7 18. Rad1 Rae8 19. h3 Re1+ 20. Kh2 Rxd1 21. Rxd1 Re7 22. Bf5 h6 23. g4 c6 24. h4 Nd5 25. Bxd7 Rxd7 26. b4 Re7 27. Re1 Rxe1 28. Bxe1 Kf8 29. Kg3 Ke7 30. Kf3 g6 31. Bd2 h5 32. g5 a6 33. Ke4 Ke6 34. f4 Ne7 35. Bc3 Nf5 36. Be1 Nd6+ 37. Kd4 Nb5+ 38. Kc5 Kd7 39. a4 Nc7 40. Kb6 Kc8 41. Bd2 Nd5+ 42. Kc5 Kc7 43. a5 Kd7 44. Bc1 Ne7 45. Be3 Nf5 46. Bf2 Nd6 47. Kb6 Kc8 48. Be1 Nc4+ 49. Kc5 1/2-1/2

[Event "Oberliga Bayern 9394"]
[Site "Bayern"]
[Date "1994.05.08"]
[Round "9.4"]
[White "Dengler, Peter"]
[Black "Kunze, Markus"]
[Result "1/2-1/2"]
[WhiteElo "2330"]
[BlackElo "2310"]
[PlyCount "50"]
[EventDate "1993.10.10"]
[EventType "team-tourn"]
[EventRounds "9"]
[EventCountry "GER"]
[SourceTitle "EXT 2020"]
[Source "ChessBase"]
[SourceDate "2019.10.17"]
[SourceVersion "1"]
[SourceVersionDate "2019.10.17"]
[SourceQuality "1"]
[WhiteTeam "Milbertshofen (SG Schwabing)"]
[BlackTeam "Pang/Rosenheim"]
[WhiteTeamCountry "GER"]
[BlackTeamCountry "GER"]

1. e4 c5 2. Nf3 d6 3. d4 cxd4 4. Nxd4 Nf6 5. Nc3 g6 6. Be3 Bg7 7. f3 0-0 8. Qd2 Nc6 9. Bc4 Bd7 10. 0-0-0 Rc8 11. Bb3 Ne5 12. h4 h5 13. Bh6 Bxh6 14. Qxh6 Rxc3 15. bxc3 Qa5 16. Kb1 Rc8 17. g4 Qxc3 18. gxh5 Nc4 19. Bxc4 Rxc4 20. Rd3 Qb4+ 21. Nb3 Nxh5 22. Rg1 Qb6 23. Rg5 Qf2 24. Rxh5 gxh5 25. Qg5+ Kf8 1/2-1/2

[Event "Oberliga Bayern 9394"]
[Site "Bayern"]
[Date "1994.03.20"]
[Round "7.3"]
[White "Kunze, Markus"]
[Black "Speckner, Roland"]
[Result "0-1"]
[WhiteElo "2310"]
[BlackElo "2260"]
[PlyCount "82"]
[EventDate "1993.10.10"]
[EventType "team-tourn"]
[EventRounds "9"]
[EventCountry "GER"]
[SourceTitle "EXT 2020"]
[Source "ChessBase"]
[SourceDate "2019.10.17"]
[SourceVersion "1"]
[SourceVersionDate "2019.10.17"]
[SourceQuality "1"]
[WhiteTeam "Pang/Rosenheim"]
[BlackTeam "Regensburg Fortuna"]
[WhiteTeamCountry "GER"]
[BlackTeamCountry "GER"]

1. e4 d6 2. d4 g6 3. Nc3 Bg7 4. Bc4 Nc6 5. Nge2 Nf6 6. f3 0-0 7. Bg5 a6 8. Bb3 h6 9. Be3 e5 10. Qd2 exd4 11. Nxd4 Ne5 12. a4 c5 13. Nde2 Be6 14. 0-0 Bxb3 15. cxb3 Qb6 16. Bxh6 Qxb3 17. Bxg7 Kxg7 18. Qxd6 Nc4 19. Qg3 Rad8 20. e5 Nd5 21. f4 Nxc3 22. bxc3 Qc2 23. Rfe1 Rd2 24. Qf3 Rfd8 25. Rac1 Qd3 26. Qxd3 R8xd3 27. Ng3 Ra2 28. Ne4 Ne3 29. Nf2 Rdd2 30. Rxe3 Rxf2 31. Rg3 Rxf4 32. Rf3 Rxf3 33. gxf3 Rxa4 34. Kf2 g5 35. Rd1 Kg6 36. Rd7 b5 37. Rc7 Rc4 38. Ra7 Rxc3 39. Rxa6+ Kf5 40. Rf6+ Kxe5 41. Rxf7 b4 0-1

[Event "Bern op"]
[Site "Bern"]
[Date "1993.??.??"]
[Round "3"]
[White "Kunze, Markus"]
[Black "Razuvaev, Yuri S"]
[Result "0-1"]
[WhiteElo "2320"]
[BlackElo "2525"]
[PlyCount "54"]
[EventDate "1993.02.??"]
[EventType "swiss"]
[EventRounds "9"]
[EventCountry "SUI"]
[SourceTitle "TD"]
[Source "ChessBase"]
[SourceDate "1994.03.01"]
[SourceVersion "1"]
[SourceVersionDate "1994.03.01"]
[SourceQuality "1"]

1. e4 c5 2. Nf3 e6 3. d4 cxd4 4. Nxd4 Nf6 5. Nc3 d6 6. Bc4 Be7 7. Bb3 0-0 8. f4 Nc6 9. Be3 Nxd4 10. Bxd4 b5 11. e5 dxe5 12. fxe5 Nd7 13. Qg4 Bc5 14. Bxc5 Nxc5 15. 0-0 Qb6 16. Kh1 a5 17. a3 Bb7 18. Rad1 Rad8 19. Qg5 h6 20. Qe3 Qc6 21. Qf2 Rxd1 22. Rxd1 b4 23. axb4 axb4 24. Rd6 Qc8 25. Nb5 Nxb3 26. cxb3 Qc1+ 27. Qg1 Qxb2 0-1

[Event "Bern op"]
[Site "Bern"]
[Date "1993.??.??"]
[Round "9"]
[White "Kunze, Markus"]
[Black "Robovic, Saudin"]
[Result "0-1"]
[WhiteElo "2320"]
[BlackElo "2365"]
[PlyCount "56"]
[EventDate "1993.02.??"]
[EventType "swiss"]
[EventRounds "9"]
[EventCountry "SUI"]
[SourceTitle "TD"]
[Source "ChessBase"]
[SourceDate "1994.03.01"]
[SourceVersion "1"]
[SourceVersionDate "1994.03.01"]
[SourceQuality "1"]

1. e4 c5 2. Nf3 e6 3. d4 cxd4 4. Nxd4 a6 5. Bd3 Nf6 6. 0-0 Qc7 7. Qe2 d6 8. c4 Nbd7 9. b3 g6 10. Bb2 Bg7 11. Nc3 0-0 12. Rad1 b6 13. Kh1 Bb7 14. Bb1 Rad8 15. f4 Qb8 16. Rfe1 Nh5 17. Qf2 Nxf4 18. Qxf4 Bxd4 19. Rd3 Be5 20. Qg5 f5 21. Rh3 fxe4 22. Nxe4 Bxb2 23. Qh6 Rf7 24. Ng5 Rdf8 25. Bd3 Ne5 26. Nxh7 Nxd3 27. Qxg6+ Bg7 28. Qxd3 Be4 0-1

[Event "Bern op"]
[Site "Bern"]
[Date "1993.??.??"]
[Round "8"]
[White "Van der Sterren, Paul"]
[Black "Kunze, Markus"]
[Result "1/2-1/2"]
[WhiteElo "2490"]
[BlackElo "2320"]
[PlyCount "81"]
[EventDate "1993.02.??"]
[EventType "swiss"]
[EventRounds "9"]
[EventCountry "SUI"]
[SourceTitle "TD"]
[Source "ChessBase"]
[SourceDate "1994.03.01"]
[SourceVersion "1"]
[SourceVersionDate "1994.03.01"]
[SourceQuality "1"]

1. d4 Nf6 2. c4 c5 3. d5 e6 4. Nc3 exd5 5. cxd5 d6 6. Nf3 g6 7. Nd2 Bg7 8. e4 0-0 9. Be2 Re8 10. 0-0 Na6 11. f3 Nc7 12. a4 b6 13. Kh1 Rb8 14. Nc4 Ba6 15. Bg5 h6 16. Be3 Bxc4 17. Bxc4 a6 18. Qd3 Qc8 19. Bf4 Bf8 20. Rab1 Nd7 21. b4 g5 22. Bg3 Ne5 23. Bxe5 Rxe5 24. bxc5 bxc5 25. Rxb8 Qxb8 26. Rb1 Qa7 27. a5 Re8 28. Rb6 Na8 29. Rxa6 Qb7 30. Bb5 Rb8 31. e5 Bg7 32. Rxd6 Qe7 33. Ne4 Qxe5 34. g4 Qf4 35. Kg2 Be5 36. Rxh6 Nc7 37. Rb6 Rd8 38. Bc4 Qxh2+ 39. Kf1 Ne6 40. Rxe6 fxe6 41. Nxg5 1/2-1/2

[Event "GER-ch"]
[Site "Bad Neuenahr"]
[Date "1991.??.??"]
[Round "6"]
[White "Schmittdiel, Eckhard"]
[Black "Kunze, Markus"]
[Result "1-0"]
[WhiteElo "2485"]
[BlackElo "2360"]
[PlyCount "81"]
[EventDate "1991.06.??"]
[EventType "tourn"]
[EventRounds "15"]
[EventCountry "GER"]
[EventCategory "7"]
[SourceTitle "CBM 024"]
[Source "ChessBase"]
[SourceDate "1991.10.01"]
[SourceVersion "1"]
[SourceVersionDate "1991.10.01"]
[SourceQuality "1"]

1. Nf3 c5 2. g3 g6 3. Bg2 Bg7 4. 0-0 Nc6 5. e3 d5 6. d4 Nf6 7. b3 0-0 8. Bb2 Ne4 9. Nbd2 cxd4 10. Nxe4 dxe4 11. Nxd4 f5 12. Nxc6 bxc6 13. Bxg7 Kxg7 14. Qe1 Qd6 15. Rd1 Qc5 16. c4 Qe5 17. f3 exf3 18. Bxf3 Rf6 19. Qd2 Rd6 20. Qc1 Bd7 21. c5 Rxd1 22. Rxd1 Be8 23. Rd4 Rb8 24. Ra4 Rb7 25. Kg2 Rd7 26. Kf2 Rc7 27. Qa3 Rd7 28. Rxa7 Rd2+ 29. Be2 g5 30. Qc1 Qd5 31. Qc3+ Kh6 32. e4 Rxe2+ 33. Kxe2 Bh5+ 34. Kf2 Qxe4 35. Qd2 f4 36. Rxe7 fxg3+ 37. hxg3 Qxe7 38. Qd6+ Qxd6 39. cxd6 Bg4 40. a4 Kg7 41. a5 1-0

[Event "GER-ch"]
[Site "Bad Neuenahr"]
[Date "1991.??.??"]
[Round "2"]
[White "Volke, Karsten"]
[Black "Kunze, Markus"]
[Result "1-0"]
[WhiteElo "2395"]
[BlackElo "2360"]
[PlyCount "55"]
[EventDate "1991.06.??"]
[EventType "tourn"]
[EventRounds "15"]
[EventCountry "GER"]
[EventCategory "7"]
[SourceTitle "CBM 024"]
[Source "ChessBase"]
[SourceDate "1991.10.01"]
[SourceVersion "1"]
[SourceVersionDate "1991.10.01"]
[SourceQuality "1"]

1. d4 Nf6 2. c4 c5 3. d5 e6 4. Nc3 exd5 5. cxd5 d6 6. e4 g6 7. f4 Bg7 8. Bb5+ Nfd7 9. Nf3 0-0 10. 0-0 Qa5 11. Bd3 c4 12. Bc2 b5 13. e5 f5 14. exf6 Nxf6 15. Kh1 b4 16. Ne4 Nxe4 17. Bxe4 Nd7 18. Nd4 Nf6 19. Nc6 Qc5 20. Bf3 Bf5 21. Qe1 Bd3 22. Qe6+ Kh8 23. Be3 Qb5 24. Rfe1 c3 25. Bd4 Rae8 26. Qxd6 Rxe1+ 27. Rxe1 c2 28. Bxf6 1-0

[Event "FRG-ch qual"]
[Site "Mengen"]
[Date "1990.??.??"]
[Round "8"]
[White "Kunze, Markus"]
[Black "Roeschlau, Bernd"]
[Result "1-0"]
[WhiteElo "2315"]
[BlackElo "2280"]
[PlyCount "79"]
[EventDate "1990.??.??"]
[EventType "tourn"]
[EventRounds "11"]
[EventCountry "GER"]
[SourceTitle "GER"]
[Source "ChessBase"]
[SourceDate "1999.07.01"]
[SourceVersion "1"]
[SourceVersionDate "1999.07.01"]
[SourceQuality "1"]

1. e4 c5 2. Nf3 d6 3. d4 cxd4 4. Nxd4 Nf6 5. Nc3 a6 6. Bg5 e6 7. f4 Nbd7 8. Qf3 Qc7 9. 0-0-0 b5 10. Bd3 Bb7 11. Rhe1 0-0-0 12. f5 e5 13. Nde2 Kb8 14. Kb1 Rc8 15. Bxf6 Nxf6 16. Ng3 h5 17. Nf1 Bc6 18. Ne3 Qb7 19. g3 Be7 20. h3 Bd8 21. Rh1 Bb6 22. Ned5 b4 23. Nxb4 Bd4 24. Nxc6+ Rxc6 25. Na4 Qb4 26. c3 Qxa4 27. cxd4 exd4 28. b3 Qa5 29. Bc4 Qe5 30. Rhe1 h4 31. g4 Nh7 32. Qd3 Ng5 33. Rh1 Nxe4 34. Rde1 Nc3+ 35. Kb2 Qa5 36. Qxd4 Na4+ 37. Kb1 d5 38. Re7 Qb6 39. Qxb6+ Rxb6 40. Bxa6 1-0

[Event "Lugano op"]
[Site "Lugano"]
[Date "1989.03.11"]
[Round "9"]
[White "Kunze, Markus"]
[Black "Mantovani, Renzo"]
[Result "1/2-1/2"]
[WhiteElo "2270"]
[BlackElo "2370"]
[PlyCount "155"]
[EventDate "1989.03.03"]
[EventType "swiss"]
[EventRounds "9"]
[EventCountry "SUI"]
[SourceTitle "TD"]
[Source "ChessBase"]
[SourceDate "1994.03.01"]
[SourceVersion "1"]
[SourceVersionDate "1994.03.01"]
[SourceQuality "1"]

1. e4 c5 2. d4 cxd4 3. c3 d5 4. exd5 Qxd5 5. cxd4 e6 6. Nf3 Nf6 7. Nc3 Qd6 8. Bd3 Nc6 9. 0-0 Be7 10. a3 0-0 11. Bc2 Rd8 12. Be3 b6 13. Qe2 Bb7 14. Rad1 Rac8 15. Bg5 h6 16. Bc1 Qb8 17. Bb3 Na5 18. Ba2 Nd5 19. Ne4 Nf4 20. Qe3 Rc2 21. Rfe1 Nd5 22. Qd3 Qc8 23. Bb1 Rc7 24. Ne5 f5 25. Ng3 Nc6 26. Nxc6 Bxc6 27. Bd2 Bg5 28. Ne2 Bf6 29. Qg3 Kh8 30. Qg6 Ba4 31. Rc1 Be8 32. Qg3 Rxc1 33. Rxc1 Qd7 34. h3 Bh5 35. f3 Qe7 36. Kh1 Bh4 37. Qh2 Bf6 38. Ba2 Bf7 39. Qg1 e5 40. dxe5 Bxe5 41. Bxd5 Bxd5 42. Qe3 Re8 43. Nf4 Bf7 44. Bc3 Bb8 45. Qxe7 Rxe7 46. Nd3 Re3 47. Nb4 Bg3 48. Nc2 Rd3 49. Nd4 Bf4 50. Re1 Bg3 51. Rc1 Bg6 52. Nc6 Be8 53. Ne7 Bd7 54. Ng6+ Kg8 55. Be5 Bf2 56. Bc3 Bg3 57. Be5 Bf2 58. Bc3 Rd6 59. Ne5 Bb5 60. g4 f4 61. Kg2 Be3 62. Re1 a5 63. h4 Bd4 64. h5 Bxc3 65. bxc3 Rd2+ 66. Kg1 Be2 67. Rb1 b5 68. a4 Rd5 69. Ng6 Rd1+ 70. Rxd1 Bxd1 71. axb5 Bxf3 72. Nxf4 a4 73. Nd3 a3 74. Nb4 Kf7 75. Kf2 Bxg4 76. b6 Bc8 77. c4 g5 78. hxg6+ 1/2-1/2

[Event "Lugano op"]
[Site "Lugano"]
[Date "1989.03.10"]
[Round "8"]
[White "Birnboim, Nathan"]
[Black "Kunze, Markus"]
[Result "1-0"]
[WhiteElo "2390"]
[BlackElo "2270"]
[PlyCount "105"]
[EventDate "1989.03.03"]
[EventType "swiss"]
[EventRounds "9"]
[EventCountry "SUI"]
[SourceTitle "TD"]
[Source "ChessBase"]
[SourceDate "1994.03.01"]
[SourceVersion "1"]
[SourceVersionDate "1994.03.01"]
[SourceQuality "1"]

1. d4 Nf6 2. c4 c5 3. d5 e6 4. Nc3 exd5 5. cxd5 d6 6. g3 g6 7. Bg2 Bg7 8. Nf3 0-0 9. 0-0 Re8 10. Nd2 a6 11. a4 Nbd7 12. h3 Rb8 13. Nc4 Ne5 14. Na3 Nh5 15. e4 Rf8 16. Kh2 Bd7 17. Qe2 b5 18. axb5 axb5 19. Naxb5 Bxb5 20. Nxb5 Qd7 21. Nc3 c4 22. g4 Nf6 23. f4 Nd3 24. e5 dxe5 25. f5 e4 26. Nxe4 Nxe4 27. Qxe4 Qc7+ 28. Kh1 Bxb2 29. Bxb2 Rxb2 30. Qe3 Qe5 31. Qxe5 Nxe5 32. Ra7 Rd8 33. Re7 Re2 34. f6 h6 35. Rc7 Rd6 36. Kg1 Rb6 37. Rf2 Rxf2 38. Kxf2 Rxf6+ 39. Ke3 Rd6 40. Kd4 f6 41. Bf1 Rd7 42. Rc8+ Kf7 43. Bxc4 Ke7 44. Bb5 Rd8 45. Rxd8 Kxd8 46. d6 h5 47. gxh5 gxh5 48. Kd5 Nf7 49. h4 Ne5 50. Ke6 Ng6 51. Kxf6 Nxh4 52. Bc6 Kc8 53. Be4 1-0

[Event "Lugano op"]
[Site "Lugano"]
[Date "1989.03.04"]
[Round "2"]
[White "Godena, Michele"]
[Black "Kunze, Markus"]
[Result "1/2-1/2"]
[WhiteElo "2425"]
[BlackElo "2270"]
[PlyCount "36"]
[EventDate "1989.03.03"]
[EventType "swiss"]
[EventRounds "9"]
[EventCountry "SUI"]
[SourceTitle "TD"]
[Source "ChessBase"]
[SourceDate "1994.03.01"]
[SourceVersion "1"]
[SourceVersionDate "1994.03.01"]
[SourceQuality "1"]

1. e4 c5 2. c3 d6 3. d4 Nf6 4. Bd3 e5 5. Nf3 Nc6 6. dxe5 dxe5 7. Qe2 Be7 8. 0-0 0-0 9. Nbd2 h6 10. Re1 Be6 11. Nf1 Re8 12. Ng3 Bf8 13. h3 a6 14. Nh2 g6 15. Bc2 c4 16. Qf3 Bg7 17. Be3 Qe7 18. h4 Rad8 1/2-1/2

[Event "Lugano op"]
[Site "Lugano"]
[Date "1989.03.03"]
[Round "1"]
[White "Kunze, Markus"]
[Black "Heyken, Enno"]
[Result "0-1"]
[WhiteElo "2270"]
[BlackElo "2450"]
[PlyCount "58"]
[EventDate "1989.03.03"]
[EventType "swiss"]
[EventRounds "9"]
[EventCountry "SUI"]
[SourceTitle "TD"]
[Source "ChessBase"]
[SourceDate "1994.03.01"]
[SourceVersion "1"]
[SourceVersionDate "1994.03.01"]
[SourceQuality "1"]

1. e4 e6 2. d4 d5 3. Nd2 Nf6 4. e5 Nfd7 5. c3 c5 6. Bd3 Nc6 7. Ngf3 f5 8. exf6 Qxf6 9. 0-0 Bd6 10. dxc5 Nxc5 11. Bc2 0-0 12. Nb3 Nxb3 13. axb3 Ne7 14. Bg5 Qf7 15. Bxe7 Qxe7 16. Qd3 g6 17. Rae1 Bd7 18. Ne5 Bc5 19. b4 Bb6 20. c4 Rad8 21. cxd5 Bc8 22. Qg3 Rxd5 23. Bb3 Rd2 24. Nf3 Rxb2 25. Bd5 Qf6 26. Be4 Bd7 27. Rd1 Bb5 28. Bd3 Bxd3 29. Rxd3 Rxf2 0-1

[Event "Bayern-chA 60th"]
[Site "Kirchseeon"]
[Date "1989.??.??"]
[Round "2"]
[White "Klebel, Martin"]
[Black "Kunze, Markus"]
[Result "0-1"]
[WhiteElo "2350"]
[BlackElo "2300"]
[PlyCount "62"]
[EventDate "1989.08.25"]
[EventType "tourn"]
[EventRounds "11"]
[EventCountry "GER"]
[EventCategory "2"]
[SourceTitle "EXT 1997"]
[Source "ChessBase"]
[SourceDate "1996.11.15"]
[SourceVersion "1"]
[SourceVersionDate "1996.11.15"]
[SourceQuality "1"]

1. d4 Nf6 2. c4 g6 3. Nc3 Bg7 4. e4 d6 5. f3 0-0 6. Be3 Nbd7 7. Nh3 e5 8. d5 Nh5 9. Qd2 f5 10. exf5 gxf5 11. Bd3 Nc5 12. Bg5 Nxd3+ 13. Qxd3 Qe8 14. 0-0-0 Nf6 15. Nf2 Nd7 16. Qd2 Nb6 17. Qd3 Na4 18. Nxa4 Qxa4 19. Qb3 Qe8 20. g3 Bd7 21. Qc2 Qh5 22. f4 Rae8 23. Qd2 exf4 24. Qxf4 Re2 25. Rd2 Bd4 26. Qh4 Qf3 27. Rf1 Re4 28. Nxe4 Qxf1+ 29. Rd1 Qxc4+ 30. Nc3 f4 31. Kd2 Bg4 0-1

[Event "Bayern-chA 60th"]
[Site "Kirchseeon"]
[Date "1989.??.??"]
[Round "7"]
[White "Kunze, Markus"]
[Black "Martin, Thomas2222"]
[Result "1/2-1/2"]
[WhiteElo "2300"]
[BlackElo "1538"]
[PlyCount "54"]
[EventDate "1989.08.25"]
[EventType "tourn"]
[EventRounds "11"]
[EventCountry "GER"]
[EventCategory "2"]
[SourceTitle "EXT 1997"]
[Source "ChessBase"]
[SourceDate "1996.11.15"]
[SourceVersion "1"]
[SourceVersionDate "1996.11.15"]
[SourceQuality "1"]

1. e4 e6 2. d3 d5 3. Nd2 Nf6 4. Ngf3 b6 5. c3 Be7 6. Be2 0-0 7. 0-0 c5 8. Re1 Nc6 9. Bf1 Qc7 10. a3 a5 11. a4 Ba6 12. Qc2 Rfd8 13. Nb1 Ng4 14. Na3 Nce5 15. Nxe5 Nxe5 16. f4 Nc6 17. e5 d4 18. Nb5 Qd7 19. c4 f6 20. exf6 Bxf6 21. g4 g6 22. Bg2 Bb7 23. Bd2 e5 24. h3 Re8 25. Rf1 Nb4 26. Bxb4 Bxg2 27. Qxg2 axb4 1/2-1/2

[Event "Bayern-chA 60th"]
[Site "Kirchseeon"]
[Date "1989.??.??"]
[Round "9"]
[White "Kunze, Markus"]
[Black "Rother, Christoph"]
[Result "1-0"]
[WhiteElo "2300"]
[BlackElo "2216"]
[PlyCount "53"]
[EventDate "1989.08.25"]
[EventType "tourn"]
[EventRounds "11"]
[EventCountry "GER"]
[EventCategory "2"]
[SourceTitle "EXT 1997"]
[Source "ChessBase"]
[SourceDate "1996.11.15"]
[SourceVersion "1"]
[SourceVersionDate "1996.11.15"]
[SourceQuality "1"]

1. e4 c5 2. Nf3 d6 3. d4 cxd4 4. Nxd4 Nf6 5. Nc3 a6 6. Bg5 e6 7. f4 Be7 8. Qf3 Qc7 9. 0-0-0 Nbd7 10. g4 b5 11. Bxf6 Nxf6 12. g5 Nd7 13. f5 Nc5 14. f6 gxf6 15. gxf6 Bf8 16. Rg1 b4 17. Nd5 exd5 18. exd5 Bd7 19. Rg7 Kd8 20. Rxf7 Bh6+ 21. Kb1 Bg4 22. Nc6+ Ke8 23. Re1+ Kxf7 24. Qxg4 Rhe8 25. Qh5+ Kxf6 26. Qxh6+ Kf7 27. Be2 1-0

[Event "Bayern-chA 60th"]
[Site "Kirchseeon"]
[Date "1989.??.??"]
[Round "11"]
[White "Roeder, Gerd"]
[Black "Kunze, Markus"]
[Result "1/2-1/2"]
[WhiteElo "2192"]
[BlackElo "2300"]
[PlyCount "29"]
[EventDate "1989.08.25"]
[EventType "tourn"]
[EventRounds "11"]
[EventCountry "GER"]
[EventCategory "2"]
[SourceTitle "EXT 1997"]
[Source "ChessBase"]
[SourceDate "1996.11.15"]
[SourceVersion "1"]
[SourceVersionDate "1996.11.15"]
[SourceQuality "1"]

1. e4 e5 2. Nc3 Nf6 3. f4 d5 4. fxe5 Nxe4 5. d3 Bb4 6. dxe4 Qh4+ 7. Ke2 Bxc3 8. bxc3 Bg4+ 9. Nf3 dxe4 10. Qd4 Bh5 11. Ke3 Bxf3 12. gxf3 Qe1+ 13. Kf4 Qh4+ 14. Ke3 Qe1+ 15. Kf4 1/2-1/2

[Event "Bayern-chB 59th"]
[Site "Wildflecken"]
[Date "1988.??.??"]
[Round "7"]
[White "Kunze, Markus"]
[Black "Renner, Manfred"]
[Result "1-0"]
[WhiteElo "2300"]
[BlackElo "2104"]
[PlyCount "57"]
[EventDate "1988.07.29"]
[EventType "swiss"]
[EventRounds "9"]
[EventCountry "GER"]
[SourceTitle "EXT 1997"]
[Source "ChessBase"]
[SourceDate "1996.11.15"]
[SourceVersion "1"]
[SourceVersionDate "1996.11.15"]
[SourceQuality "1"]

1. e4 c5 2. Nf3 e6 3. d4 cxd4 4. Nxd4 Nf6 5. Nc3 Nc6 6. Ndb5 Bb4 7. a3 Bxc3+ 8. Nxc3 d5 9. exd5 exd5 10. Bd3 0-0 11. 0-0 d4 12. Ne2 Nd5 13. Ng3 Qh4 14. Qf3 Nde7 15. Re1 Ng6 16. Re4 Nce5 17. Qe2 Qf6 18. Bd2 Nxd3 19. Qxd3 Rd8 20. Rae1 Be6 21. Qb5 h6 22. Nh5 Qf5 23. Qe2 Rac8 24. g4 Qc5 25. Bxh6 Bc4 26. Qd2 Nh4 27. Qf4 Qd6 28. Bg5 Ng6 29. Re8+ 1-0

[Event "Bayern-chB 59th"]
[Site "Wildflecken"]
[Date "1988.??.??"]
[Round "5"]
[White "Niedermaier, Hans"]
[Black "Kunze, Markus"]
[Result "1/2-1/2"]
[WhiteElo "2230"]
[BlackElo "2300"]
[PlyCount "43"]
[EventDate "1988.07.29"]
[EventType "swiss"]
[EventRounds "9"]
[EventCountry "GER"]
[SourceTitle "EXT 1997"]
[Source "ChessBase"]
[SourceDate "1996.11.15"]
[SourceVersion "1"]
[SourceVersionDate "1996.11.15"]
[SourceQuality "1"]

1. e4 c5 2. Nc3 d6 3. Nf3 Nf6 4. d4 cxd4 5. Nxd4 g6 6. Be3 Bg7 7. f3 0-0 8. Bc4 Nc6 9. Qd2 Bd7 10. 0-0-0 Ne5 11. Bb3 Rc8 12. Bg5 Nc4 13. Bxc4 Rxc4 14. e5 dxe5 15. Nb3 Rc7 16. Nb5 Bf5 17. Nxc7 Qxc7 18. Kb1 Rc8 19. Ka1 Be6 20. Rhe1 Nd5 21. Rc1 Nb6 22. Qb4 1/2-1/2